MARC details
| 000 -CABECERA |
| campo de control de longitud fija |
00907nam a2200253 i 4500 |
| 003 - IDENTIFICADOR DEL NÚMERO DE CONTROL |
| campo de control |
DO-SdBNP |
| 005 - FECHA Y HORA DE LA ÚLTIMA TRANSACCIÓN |
| campo de control |
20240229091845.0 |
| 007 - CAMPO FIJO DE DESCRIPCIÓN FÍSICA--INFORMACIÓN GENERAL |
| campo de control de longitud fija |
ta |
| 008 - DATOS DE LONGITUD FIJA--INFORMACIÓN GENERAL |
| campo de control de longitud fija |
231121t2002 dr aco|| |||| 00| p spa d |
| 040 ## - FUENTE DE LA CATALOGACIÓN |
| Centro catalogador/agencia de origen |
DO-SdBNP |
| Lengua de catalogación |
spa |
| Centro/agencia transcriptor |
BNPHU |
| Normas de descripción |
rda |
| 082 #4 - NÚMERO DE LA CLASIFICACIÓN DECIMAL DEWEY |
| Número de edición |
22 |
| Número de documento/Ítem |
D134r |
| 100 1# - ENTRADA PRINCIPAL--NOMBRE DE PERSONA |
| Nombre de persona |
Miguel A. Dájer Scheker |
| 9 (RLIN) |
43655 |
| Término indicativo de función/relación |
autor |
| 245 10 - MENCIÓN DE TÍTULO |
| Título |
Retazos. / |
| Mención de responsabilidad, etc. |
Miguel A. Dájer Scheker; editor, fotografía, Erika Vilaín de Reyes, prólogo, Mario E. Sánchez C. |
| 264 #4 - PRODUCCIÓN, PUBLICACIÓN, DISTRIBUCIÓN, FABRICACIÓN Y COPYRIGHT |
| Producción, publicación, distribución, fabricación y copyright |
[Santo Domingo] : |
| Nombre del de productor, editor, distribuidor, fabricante |
Intergrafic, |
| Fecha de producción, publicación, distribución, fabricación o copyright |
2002 |
| 300 ## - DESCRIPCIÓN FÍSICA |
| Extensión |
129 páginas : |
| Otras características físicas |
Ilustraciones, retratos, fotografías |
| Dimensiones |
28 cm. |
| 336 ## - TIPO DE CONTENIDO |
| Fuente |
rdacontent |
| Término de tipo de contenido |
texto |
| Código de tipo de contenido |
txt |
| 337 ## - TIPO DE MEDIO |
| Fuente |
rdamedia |
| Nombre/término del tipo de medio |
sin mediación |
| Código del tipo de medio |
n |
| 338 ## - TIPO DE SOPORTE |
| Fuente |
rdacarrier |
| Nombre/término del tipo de soporte |
volumen |
| Código del tipo de soporte |
nc |
| 590 ## - NOTA LOCAL (RLIN) |
| Nota local |
Inventariado, 2024/ YL |
| 700 1# - PUNTO DE ACCESO ADICIONAL--NOMBRE DE PERSONA |
| Nombre de persona |
Vilaín de Reyes, Erika, |
| Término indicativo de función/relación |
editor, fotografía |
| 9 (RLIN) |
84656 |
| 700 1# - PUNTO DE ACCESO ADICIONAL--NOMBRE DE PERSONA |
| Nombre de persona |
Sánchez Córdova, Mario Emilio, |
| 9 (RLIN) |
34794 |
| Término indicativo de función/relación |
prólogo |
| 910 ## - DATOS DE OPCIÓN DEL USUARIO (OCLC) |
| Datos de opción del usuario |
YLockward |
| 942 ## - ELEMENTOS DE PUNTO DE ACCESO ADICIONAL (KOHA) |
| Fuente del sistema de clasificación o colocación |
Dewey Decimal Classification |
| Tipo de ítem Koha |
Libro |